The work of the harbourmaster : a practical quide

Saved in:
Bibliographic Details
Corporate Author: Nautical Institute
Format: Book
Language:English
Published: London : Nautical Institute, 1998
Edition:2nd ed.
Subjects:
Tags: Add Tag
No Tags, Be the first to tag this record!

MARC

LEADER 00000cam a2200000 i 4500
001 1/8934
008 000727s1998 eng d
020 |a 1-870077-02-4 
035 |l 10062865 
040 |a GR-MY-UA  |b gre  |e aacr 
041 0 |a eng 
082 0 |a 387.1 
110 2 |a Nautical Institute. 
245 1 4 |a The work of the harbourmaster :  |b a practical quide /  |c The Nautical Institute 
250 |a 2nd ed. 
260 |a London :   |b Nautical Institute,   |c 1998 
300 |a 401 p.;  |b ill.;  |c 30 cm 
500 |a Includes index 
650 0 0 |a Harbors  |x Management. 
852 |a INST  |b CHIOS  |e 20000727  |h 387.1 NAU  |p 005200018634  |q 005200018634  |t BK  |y 0 
901 |a BIBL2-2000-2 
909 |a Χ  |b 074524 
970 |z 2000/07/ELIDOC